Long term research sites in tropical forests in India

Bibliographic Details
Main Author: RAI
Format: Book
Published: New Delhi : UNESCO , 1996
Subjects:

MARC

LEADER 00000cam a2200000 7i4500
001 0000002168
005 20030318.0
090 0 0 |a 333.750954bRAI 1996 
100 1 0 |a RAI   |h S. N. 
245 1 0 |a Long term research sites in tropical forests in India   |c S. N. Rai 
260 0 0 |a New Delhi :   |b UNESCO ,   |c 1996 
300 |a 98 p. :   |b ill. (some col.) ;   |c 29 cm. 
500 0 0 |a Bibliography : p. 94-98 
650 0 0 |a Forests and forestry   |z India 
998 |a JPSM 
999 |a 0000003581   |b Monograph   |c Open Shelf   |e Default branch